1258 1845 1385 1316 1878 1645 1974 1671 1537 1833 1018 1797 1202 1063 1194 1962 1902 1474 1558 1703 1345 1847 1616 1999 1770 1724 1081 1111 1697 1377 1693 1342 1145 1881 1607 1140 1932 1270 1505 1701 1100 1062 1945 1465 1348 1532 1181 1635 1691 1031 1098 1249 1158 1578 1790 1939 1703 1071 1174 1289 1378 1563 1695 1887 1713 1683 1089 1842 1452 1912 1699 1131 1851 1049 1739 1548 1159 1677 1308 1240 1482 1834 1855 1819 1095 1548 1581 1195 1882 1457 1584 1738 1115 1599 1979 1446 1762 1030 1956 BCNSPRNW ULIB Ver.6.0+V

เปลี่ยนเป็นภาษาไทย

Change to English
 แสดงรายละเอียดบรรณานุกรม
  กลับหน้าหลัก

Brief Record : Get Marc (ISO 2709) : E-mail record : QR code < ปิดหน้าต่าง
LEADER : 00000nam 2200000uu 4500
001    13399126171
003     ULIB
008    020711s2555 th a 000 0 tha d
060    วจ^aWY20.5^bจ634ค
100    ^aจุฑาทิพย์ ศิรินภาดล, ปิยะรัตน์ แสงบำรุง, ธณัฏฐ์ภรณ์ กุลแสนเตา และ อุดมลักษณ์ กาญจนรังสิชัย
245    ^aความพึงพอใจต่อการมีส่วนร่วมในการดำเนินงานประกันคุณภาพการศึกษาของบุคลากรและนักศึกษาวิทยาลัยพยาบาลบรมราชชนนี นครราชสีมา : Satisfaction on Quality Assurance Participation of the Personnel and Student Nurses at Boromarajonani college of Nursing,Nakhornratchasima
260    ^aนครราชสีมา :^bวิทยาลัยพยาบาลบรมราชชนนี นครราชสีมา,^c2555
300    ^a55 หน้า;^b30 ซม.
650    ^aการศึกษา-ประกันคุณภาพ
945    ^p0^l0^i004284
999    ^aประนอม เกษจรัล
รายการนี้ยังไม่มีแท็ก
คุณยังไม่ได้ล็อกอิน คุณสามารถมีกิจกรรมร่วมกับเว็บไซต์ได้ แต่ต้องล็อกอินก่อน ::
  ล็อกอิน

รายการสื่อสารสนเทศ

ลำดับที่ ประเภท เลขเรียก/บาร์โค้ด สถานที่ สถานะ
1. งานวิจัย
งานวิจัย
วจ WY20.5 จ634ค ฉ.1 
  Barcode: 004284
ห้องสมุดวิทยาเขตสวรรค์ประชารักษ์
►หนังสือทั่วไป
บนชั้น

BibComment


ยังไม่เคยถูกคอมเมนท์

คอมเมนท์ทรัพยากรรายการนี้
  คอมเมนท์: ความพึงพอใจต่อกา..


 Copyright 2026. Bcnsprnw @Library